Life of John Keats: (Record no. 17865)
[ view plain ]
| 000 -LEADER | |
|---|---|
| fixed length control field | 00710 aa a2200193 4500 |
| 008 - FIXED-LENGTH DATA ELEMENTS--GENERAL INFORMATION | |
| fixed length control field | 081021t xxu||||| |||| 00| 0 eng d |
| 010 ## - LIBRARY OF CONGRESS CONTROL NUMBER | |
| LC control number | ENG-84560 |
| 020 ## - INTERNATIONAL STANDARD BOOK NUMBER | |
| International Standard Book Number | 8189000934 |
| 020 ## - INTERNATIONAL STANDARD BOOK NUMBER | |
| Terms of availability | 1295.00 (hb) |
| 035 ## - SYSTEM CONTROL NUMBER | |
| System control number | EN-68093 |
| 082 ## - DEWEY DECIMAL CLASSIFICATION NUMBER | |
| Classification number | 881.092 |
| 100 ## - MAIN ENTRY--PERSONAL NAME | |
| Personal name | Colvin, Sidney |
| 245 ## - TITLE STATEMENT | |
| Title | Life of John Keats: |
| Remainder of title | history and poetry his friends critis and after fame / |
| Statement of responsibility, etc | by Sidney Colvin |
| 260 ## - PUBLICATION, DISTRIBUTION, ETC. (IMPRINT) | |
| Place of publication, distribution, etc | New Delhi |
| Name of publisher, distributor, etc | Vishvabharti Publications |
| 260 ## - PUBLICATION, DISTRIBUTION, ETC. (IMPRINT) | |
| Date of publication, distribution, etc | 2007 |
| 300 ## - PHYSICAL DESCRIPTION | |
| Extent | xxii,600p |
| Dimensions | 22cm |
| 942 ## - ADDED ENTRY ELEMENTS (KOHA) | |
| Source of classification or shelving scheme | Dewey Decimal Classification |
| Koha item type | English Books |
| Classification part | 881.092 |
| Call number suffix | COL |
| Withdrawn status | Lost status | Source of classification or shelving scheme | Damaged status | Not for loan | Home library | Current library | Date acquired | Cost, normal purchase price | Total Checkouts | Full call number | Barcode | Date last seen | Copy number | Cost, replacement price | Price effective from | Koha item type |
|---|---|---|---|---|---|---|---|---|---|---|---|---|---|---|---|---|
| Dewey Decimal Classification | Not For Loan | D.B.Act.Division | D.B.Act.Division | 08/03/2007 | 1295.00 | 881.092 COL | EN-68093 | 04/11/2008 | 1 | 1295.00 | 04/11/2008 | English Books |
